000 00511nam a2200181 i 4500
001 89784
003 ES-MaACL
005 20240506215623.0
007 t|
008 050113s1960 sp ||||1| spa d
245 0 0 _aLaureles a José de Diego /
_crecopilador Modesto Gotay.
260 _aBarcelona :
_b[Rumbos],
_c1960.
300 _a240 p. ;
_c25 cm.
600 1 4 _aDiego, José de,
_d1867-1918
_944549
700 1 _aGotay, Modesto.
_959279
852 _aES-MaACL
_jC-18479
_bR.46498
999 _c89784
_d89784